zpět

Detail výsledku týmu

U Vemenáče, Kamenný Přívoz

Datum a čas kvízu

31.5 Celkem bodů Celkový počet nahraných bodů na tomto kvízu bez doplňovacích otázek.
4. Pořadí na kvízu Konečné umístění týmu na tomto kvízu.

Zaznamenané odpovědi

# Otázka Odpověď Body Výsledky
1. Minulý týden jsme sledovali po... v Turecku 0
2. Která známá sladká pochutina s... Nutella 0
3. Kterému rapperovi byl zakázán... Kanyemu Westovi 0
4. Americký Federální úřad pro le... A 1
5. Který úspěšný plavec se stal m... David Kratochvíl 0
6. Vaším prvním úkolem v dnešním... 1C 2D 3B 4A 1
7. Poznejte (parodii na) gangster... Někdo to rád horké (Some Like It Hot) 1
8. Bud Spencer a Terence Hill spo... v Itálii 1
9. Gangster, na kterého se ptáme,... Jabba Hutt 1
10. Uveďte jméno i příjmení postav... John Wick 1